Movies Quiz

Random Movies or Oscar Quiz

Clickable Characters: 90s Best Supp. Actress Nominees Quiz Stats

 Plays Quiz not verified by Sporcle

Support Sporcle.
Go Orange.
Score 0/50 Timer 13:00
0 Plays Today
% Correct
Stands With a Fist
94%
Pat Nixon
94%
Queen Elizabeth I
92%
Rose Dawson Calvert
90%
Oda Mae Brown
88%
Mia Wallace
86%
Hilary du Pre
86%
Mona Lisa Vito
84%
Queen Charlotte
84%
Marilyn Lovell
84%
Amber Waves
82%
Mariane Dashwood
78%
Karen Friedman-Hill
72%
Flora McGrath
68%
Georgia Flood
68%
Elizabeth Proctor
68%
Lynn Margaret Bracken
66%
Skylar Satenstein
60%
Lisa Rowe
60%
Helen Sinclair
54%
Carla Rodrigo
52%
Linda Ash
52%
Lynn Sear
52%
Anne Napolitano
50%
Virginia 'Ninny' Threadgoode
50%
% Correct
Hortense Cumberbatch
50%
Lila Wingo-Newbury
46%
Gareth Peirce
44%
Lina Tisdel
44%
Danielle Bowden
42%
Libby Holden
42%
May Welland
40%
Ruth Wilcox
38%
Hana
38%
Maxine Lund
38%
Myra Langtry
34%
Emily Montgomery
34%
Olive Neal
32%
Rose Haigh-Wood
32%
Hannah Morgan
30%
Hattie
30%
Madame Serea Merle
28%
Mari Hoff
26%
Hanna
24%
Tamara 'Tammy' Hemphill
22%
Marietta Pace Fortune
20%
Sally Simmons
18%
Ingrid Thompson-Fleming
18%
Mrs. Fisher
16%
Mrs. Hillyer
12%

You're not logged in!

Compare scores with friends on all Sporcle quizzes.
OR
Log In

From the Vault

Swapping Halves

by Jengajam

We're not here to judge which half is the best.
Remove Ads.
Support Sporcle.
Get the best of Sporcle when you Go Orange. This ad-free experience offers more features, more stats, and more fun while also helping to support Sporcle. Thank you for becoming a member.

Show Comments

Extras

Top Quizzes Today


Score Distribution

Your Account Isn't Verified!

In order to create a playlist on Sporcle, you need to verify the email address you used during registration. Go to your Sporcle Settings to finish the process.

Report this User

Report this user for behavior that violates our Community Guidelines.

Details: